000 00250nam a2200097Ia 4500
008 210430s9999 xx 000 0 und d
082 _a658.45 B8281 M
100 _aDean M.Brenner
_954079
245 _aMove the World
_cDean M.Brenner
942 _cBK
_2ddc
999 _c564540
_d564540